Statistics for Cincinnati Bengals - 2021 Roster

Click here to take the quiz!

General Stats

  • This quiz has been taken 21 times
  • The average score is 22 of 88

Answer Stats

PositionJersey #Player% Correct
WR1Ja'Marr Chase
100%
QB9Joe Burrow
100%
WR85Tee Higgins
90%
HB28Joe Mixon
80%
WR83Tyler Boyd
75%
S30Jessie Bates III
65%
CB20Eli Apple
55%
QB8Brandon Allen
50%
S37Ricardo Allen
50%
DE94Sam Hubbard
50%
K2Evan McPherson
45%
HB34Samaje Perine
45%
DT92BJ Hill
40%
CB22Chidobe Awuzie
40%
TE87CJ Uzomah
40%
CB27Holton Hill
40%
DE91Trey Hendrickson
40%
C63Trey Hill
40%
S24Vonn Bell
40%
S40Brandon Wilson
35%
HB25Chris Evans
35%
LB50Jordan Evans
35%
LB55Logan Wilson
35%
WR16Trenton Irwin
35%
G70D'Ante Smith
30%
DT98DJ Reader
30%
OT73Jonah Williams
30%
P10Kevin Huber
30%
S31Michael Thomas
30%
CB21Mike Hilton
30%
WR80Mike Thomas
30%
WR12Pooka Williams Jr.
30%
HB32Trayveon Williams
30%
CB35Jalen Davis
25%
S33Sean Davis
25%
LB59Akeem Davis-Gaither
20%
WR19Auden Tate
20%
EDGE96Cam Sample
20%
TE89Drew Sample
20%
LB57Germaine Pratt
20%
G77Hakeem Adeniji
20%
G79Jackson Carman
20%
LB47Keandre Jones
20%
DT65Larry Ogunjobi
20%
TE84Mitchell Wilcox
20%
OT71Riley Reiff
20%
CB27Tony Brown
20%
WR11Trent Taylor
20%
LS46Clark Harris
15%
OT74Fred Johnson
15%
LB49Joe Bachie
15%
DE58Joseph Ossai
15%
OG67Quinton Spain
15%
WR17Stanley Morgan
15%
CB33Tre Flowers
15%
C66Trey Hopkins
15%
DE56Wyatt Hubert
15%
OT75Isaiah Prince
10%
QB6Jake Browning
10%
DT68Josh Tupou
10%
DE90Khalid Kareem
10%
LB51Markus Bailey
10%
CB26Trae Waynes
10%
S41Trayvon Henderson
10%
DT99Tyler Shelvin
10%
CB29Vernon Hargreaves III
10%
DE93Wyatt Ray
10%
G72Xavier Su'a-Filo
10%
LB48Austin Calitro
5%
TE43Chris Myarick
5%
LB44Clay Johnston
5%
DE62Damion Square
5%
CB23Darius Phillips
5%
P4Drue Chrisman
5%
HB36Elijah Hollyfield
5%
CB39John Brannon
5%
G64Keaton Sutherland
5%
C61Lamont Gaillard
5%
TE86Mason Schreck
5%
DT76Mike Daniels
5%
DE52Noah Spence
5%
DT95Renell Wren
5%
TE82Scotty Washington
5%
TE81Thaddeus Moss
5%
NT69Zach Kerr
5%
DT62Doug Costin
0%
K3Elliott Fry
0%
CB35Winston Rose
0%

Score Distribution

Percentile by Number Answered

Percent of People with Each Score

Your Score History

You have not taken this quiz